Mundo sem estrelas / (Record no. 26)

MARC details
000 -LÍDER
campo de controle de tamanho fixo 01419nam a2200313 4500
001 - NÚMERO DE CONTROLE
campo de controle 26
003 - IDENTIFICADOR DO NÚMERO DE CONTROLE
campo de controle OSt
005 - DATA E HORÁRIO DA ÚLTIMA TRANSAÇÃO
campo de controle 20250528074009.0
008 - CAMPO DE DADOS FIXOS--INFORMAÇÃO GERAL
campo de controle de tamanho fixo 250121b |||||||g |||| 00| 1 eng d
040 ## - FONTE DA CATALOGAÇÃO
Idioma da catalogação por
041 ## - CÓDIGO DE IDIOMA
Código do idioma do original e/ou traduções intermediárias do texto eng
Código do idioma do texto/trilha sonora ou título diferente por
082 ## - CDD - CLASSIFICAÇÃO DECIMAL DE DEWEY
Número de Classificação 823
Número do exemplar A545m
100 1# - ENTRADA PRINCIPAL--NOME PESSOAL
Nome pessoal Anderson, Poul,
Datas associadas ao nome 1926-2001.
9 (RLIN) 62
240 ## - TÍTULO UNIFORME
Título uniforme World without stars
245 ## - TÍTULO
Título Mundo sem estrelas /
Indicação de responsabilidade, etc. Anderson, Poul ; Tradução de Agatha Maria Auersperg
260 ## - PUBLICAÇÃO, DISTRIBUIÇÃO, ETC.
Local de publicação, distribuição, etc. São Paulo
Nome do editor, distribuidor, etc. Nova Época
Data da publicação, distribuição, etc. 1974
300 ## - DESCRIÇÃO FÍSICA
Extensão 181 p.
520 ## - NOTA DE RESUMO, ETC.
Resumo, etc. Um homem normal teria se deitado e morrido, mas para Hugh Valland a tarefa diante dele parecia bastante simples. Era necessário organizar uma revolução por um grupo de primitivos contra seus senhores telepáticos; construir com a ajuda desses mesmos primitivos uma nave espacial virtualmente do zero; contatar, por meio dessa nave espacial, um terceiro grupo de alienígenas e alistar sua ajuda para retornar para casa através do abismo galáctico. Na pior das hipóteses, levaria uma vida inteira... e o único amor verdadeiro de Valland, Mary O'Meara, estava esperando.
650 #0 - ASSUNTO--TERMO TÓPICO
Cabeçalho tópico ou nome geográfico Literatura Inglesa
9 (RLIN) 89
650 #0 - ASSUNTO--TERMO TÓPICO
Cabeçalho tópico ou nome geográfico Aventura
9 (RLIN) 47
650 #0 - ASSUNTO--TERMO TÓPICO
Cabeçalho tópico ou nome geográfico Ficção Científica
9 (RLIN) 63
650 #0 - ASSUNTO--TERMO TÓPICO
Cabeçalho tópico ou nome geográfico Seres de outro planeta
9 (RLIN) 222
650 #0 - ASSUNTO--TERMO TÓPICO
Cabeçalho tópico ou nome geográfico Fantasia
9 (RLIN) 45
650 #0 - ASSUNTO--TERMO TÓPICO
Cabeçalho tópico ou nome geográfico Ação
9 (RLIN) 64
655 #0 - TERMO DE ÍNDICE--GÊNERO E FORMA
Gênero/forma/ou termo foco Romance
655 #0 - TERMO DE ÍNDICE--GÊNERO E FORMA
Gênero/forma/ou termo foco Ficção
700 ## - ENTRADA ADICIONADA - NOME PESSOAL
Nome pessoal Agatha Maria Auersperg
Função do autor por extenso Tradutor
9 (RLIN) 65
942 ## - ELEMENTOS DE ENTRADA ADICIONADOS (KOHA)
Fonte de classificação ou esquema de arquivamento Classificação decimal de Dewey
Ocultar no OPAC Não
Tipo de material Koha Livros
Holdings
Situação do descarte Situação das perdas Fonte de classificação ou esquema de arquivamento Status danificado Não pode ser emprestado Coleção Biblioteca de origem Biblioteca atual Localização na estante Data de aquisição Fonte de aquisição Total de empréstimos Número de chamada completo Código de barras Data de último acesso Data do preço efetivo Tipo de material Koha
    Classificação decimal de Dewey     Ficção Biblioteca Professor Eduardo Afonso de Castro Biblioteca Professor Eduardo Afonso de Castro Literatura Estrangeira 13.02.1992 doação   823 / A545m 2025-9323 20.01.2025 20.01.2025 Livros

Powered by Koha